00407nam a2200157Ia 4500008004100000020001500041041001200056082001600068100001600084245006700100250000800167260003700175300000900212650001400221700001400235221030s9999 xx 000 0 und d a8178080389 aEnglish a105.23bFol aJ. D. Foley 0aComputer Graphics - Principles & Practice Second Edition In C a2nd bPearson EducationaDelhic2005 a1174 aComputers aA. V. Dam